ARRUPE JESUIT UNIVERSITY

CORONAVIRUS -STOP THE SPREAD - CLEAN,DISINFECT,COVER

Learning by performing arts : (Record no. 124468)

MARC details
000 -LEADER
fixed length control field 01117cam a2200289 a 4500
001 - CONTROL NUMBER
control field 2074882
005 - DATE AND TIME OF LATEST TRANSACTION
control field 20160323115750.0
008 - FIXED-LENGTH DATA ELEMENTS--GENERAL INFORMATION
fixed length control field 940322s1992 ne a 000 0 eng d
010 ## - LIBRARY OF CONGRESS CONTROL NUMBER
LC control number 94134129
020 ## - INTERNATIONAL STANDARD BOOK NUMBER
International Standard Book Number 9064431108
035 ## - SYSTEM CONTROL NUMBER
System control number (OCoLC)28966821
040 ## - CATALOGING SOURCE
Original cataloging agency PPT
Transcribing agency PPT
Modifying agency DLC
-- DLC
042 ## - AUTHENTICATION CODE
Authentication code lccopycat
043 ## - GEOGRAPHIC AREA CODE
Geographic area code d------
050 00 - LIBRARY OF CONGRESS CALL NUMBER
Classification number PN1590.S6
Item number E67 1992
100 1# - MAIN ENTRY--PERSONAL NAME
Personal name Epskamp, C. P.
9 (RLIN) 23299
245 10 - TITLE STATEMENT
Title Learning by performing arts :
Remainder of title from indigenous to endogenous cultural development /
Statement of responsibility, etc Kees Epskamp.
260 ## - PUBLICATION, DISTRIBUTION, ETC. (IMPRINT)
Place of publication, distribution, etc The Haag, Netherlands :
Name of publisher, distributor, etc Center for the Study of Education in Developing Countries (CESO),
Date of publication, distribution, etc 1992.
300 ## - PHYSICAL DESCRIPTION
Extent 290 p. :
Other physical details ill. ;
Dimensions 24 cm.
440 #0 - SERIES STATEMENT/ADDED ENTRY--TITLE
Title CESO paperback ;
Volume number/sequential designation no.16
9 (RLIN) 23300
504 ## - BIBLIOGRAPHY, ETC. NOTE
Bibliography, etc Includes bibliographical references (p. 261-284).
650 #0 - SUBJECT ADDED ENTRY--TOPICAL TERM
Topical term or geographic name as entry element Performing arts
General subdivision Social aspects
Geographic subdivision Developing countries.
9 (RLIN) 23301
650 #0 - SUBJECT ADDED ENTRY--TOPICAL TERM
Topical term or geographic name as entry element Theater and society
Geographic subdivision Developing countries.
9 (RLIN) 23302
906 ## - LOCAL DATA ELEMENT F, LDF (RLIN)
a 7
b cbc
c copycat
d 2
e ncip
f 19
g y-gencatlg
942 ## - ADDED ENTRY ELEMENTS (KOHA)
Source of classification or shelving scheme Library of Congress Classification
Item type Monograph ( Printed materials)
Holdings
Withdrawn status Lost status Source of classification or shelving scheme Damaged status Not for loan Home library Current library Date acquired Total Checkouts Full call number Barcode Date last seen Price effective from Koha item type
    Library of Congress Classification     ARRUPE LIBRARY ARRUPE LIBRARY 23/03/2016   PN1590.S6 E67 1992 46500005483 27/03/2019 23/03/2016 Monograph ( Printed materials)

 

Arrupe Library. PO Box MP320 Mt Pleasant, Harare, Zimbabwe
263 242 745411|librarian@aju.ac.zw